| 000 | 00879nam a2200241Ia 4500 | ||
|---|---|---|---|
| 003 | GCL | ||
| 008 | 140319s9999 xx 000 0 ara d | ||
| 020 | _a2695684977 | ||
| 040 |
_aGCL / _cGCL |
||
| 082 | 0 | 4 |
_a810.9038 _bم ف |
| 100 | 1 | _aمحمد الجوادى | |
| 245 | 1 | 0 |
_aفى ظلال السياسة نجيب محفوظ الروائى بين المثالية والواقع / _cمحمد الجوادى |
| 250 | _aالاولى | ||
| 260 |
_aالقاهرة : _bدار جهاد للطباعة والنشر والتوزيع ، _c2003 |
||
| 300 |
_a240 ص ؛ _c24 سم |
||
| 650 | 0 | 4 | _aالاسلوب الادبى |
| 650 | 0 | 4 | _aنجيب محفوظ |
| 650 | 0 | 4 | _aالادب - نظريات |
| 650 | 0 | 4 | _aمصر - الاحوال السياسية |
| 650 | 0 | 4 | _aالادب العربى السياسى |
| 650 | 0 | 4 | _aنجيب محفوظ والسياسة |
| 942 |
_2ddc _cBK |
||
| 999 |
_c6190 _d6190 |
||